000 00701nam a22002297a 4500
003 UA-OsUOA
001 67286
007 ta
008 20100217b un ||||| |||| 00| 0 ukr d
090 _a821.161.2
_bЗ-41
942 _cBK
040 _aUA-OsUOA
_bukr
_cUA-OsUOA
_dUA-OsUOA
245 _aЗбірка поетів Іспанії та Латинської Америки
_bВибрані переклади Сергія Борщевського
300 _a212 с.
955 _a3
041 _aukr
080 _a821.161.2
020 _a966-578-176-6
260 _aК.
_bДніпро
_c2006
650 7 _a82 Література. Літературознавство
_2UDC
999 _c353324
_d353324